Zákon o platobnom styku v SR a jeho význam pre integráciu do EÚ

Zákon č. 510/2002 Z.z. o platobnom styku a o zmene a doplnení niektorých zákonov. Charakteristika a obsah zákona. Platobný systém TARGET je v rámci EMÚ založený na komunikácii medzi národnými platobnými systémami RTGS (Real-Time Gross Settlement). Vykonávateľmi sú národné centrálne banky. Situácia n...

Descripción completa

Guardado en:
Detalles Bibliográficos
Autor principal: Kotlebová, Jana, 1969-
Formato: Capítulo de libro
Lenguaje:eslovaco
Materias:
Etiquetas: Agregar Etiqueta
Sin Etiquetas, Sea el primero en etiquetar este registro!

MARC

LEADER 00000naa a2200000 4500
001 r047793
005 20231002075354.1
041 0 |a slo 
044 |a SK 
245 1 0 |a Zákon o platobnom styku v SR a jeho význam pre integráciu do EÚ  |c Jana Kotlebová 
520 |a Zákon č. 510/2002 Z.z. o platobnom styku a o zmene a doplnení niektorých zákonov. Charakteristika a obsah zákona. Platobný systém TARGET je v rámci EMÚ založený na komunikácii medzi národnými platobnými systémami RTGS (Real-Time Gross Settlement). Vykonávateľmi sú národné centrálne banky. Situácia na Slovensku. 
610 2 0 |a styk platobný 
610 2 0 |a styk platobný medzinárodný 
610 2 0 |a zákony 
610 2 0 |a Slovensko 
610 2 0 |a Európska únia 
610 2 0 |a banky centrálne 
610 2 0 |a TARGET 
100 1 |a Kotlebová, Jana, 1969-